Statistics for Top Point Scorers Per Country

Click here to take the quiz!

General Stats

  • This quiz has been taken 3 times
  • The average score is 4 of 23

Answer Stats

CountryPlayerTotal Points% Correct
New ZealandDan Carter1,598
100%
EnglandJonny Wilkinson1,179
100%
FranceFrédéric Michalak436
33%
AustraliaMichael Lynagh911
33%
WalesNeil Jenkins1,049
33%
ArgentinaNicolás Sánchez748
33%
IrelandRonan O'Gara1,083
33%
JapanAyumu Gormaru708
0%
ScotlandChris Paterson809
0%
ItalyDiego Dominguez983
0%
SpainEsteban Roque Segovia285
0%
UruguayFelipe Berchesi317
0%
RomaniaFlorin Vlaicu992
0%
PortugalGoncalo Malheiro279
0%
CanadaJames Pritchard607
0%
TongaKurt Morath338
0%
GeorgiaMerab Kvirikashvili840
0%
United StatesMike Hercus465
0%
FijiNicky Little670
0%
South AfricaPercy Montgomery893
0%
NamibiaTheuns Kotzé344
0%
SamoaTusi Pisi245
0%
RussiaYuri Kushnarev777
0%

Score Distribution

Percentile by Number Answered

Percent of People with Each Score

Your Score History

You have not taken this quiz